[Event "SVK-chT4A21 1415"]
[Site "Slovakia"]
[Date "2014.12.07"]
[Round "5.5"]
[White "Kosiarcik, Maximilian"]
[Black "Bango, Dominik"]
[Result "1-0"]
[WhiteElo "1437"]
[BlackElo "1557"]
[PlyCount "43"]
[EventDate "2014.10.12"]
[EventType "team-tourn"]
[EventRounds "11"]
[EventCountry "SVK"]
[SourceTitle "EXT 2022"]
[Source "ChessBase"]
[SourceDate "2021.10.06"]
[SourceVersion "1"]
[SourceVersionDate "2021.10.06"]
[SourceQuality "1"]
[WhiteTeam "Vrbove II"]
[BlackTeam "Modranka Komplet Juniors"]
[WhiteTeamCountry "SVK"]
[BlackTeamCountry "SVK"]

1. e4 e5 2. Nf3 Nc6 3. Bc4 Nf6 4. Ng5 d5 5. exd5 Nxd5 6. Nxf7 Kxf7 7. Qf3+ Ke6 8. Nc3 Nce7 9. 0-0 c6 10. d4 Ng6 11. Re1 b5 12. Bb3 Bb7 13. Qg4+ Kd6 14. Rd1 Qh4 15. dxe5+ Kxe5 16. Qd7 Kf6 17. Nxd5+ cxd5 18. Qxb7 Bd6 19. g3 Qe4 20. Bxd5 Qxc2 21. Qf7+ Ke5 22. Qe6# 1-0

[Event "SVK-chT4A21 1314"]
[Site "Slovakia"]
[Date "2014.01.12"]
[Round "6.5"]
[White "Trojkova, Michaela"]
[Black "Kosiarcik, Maximilian"]
[Result "0-1"]
[WhiteElo "1455"]
[BlackElo "1239"]
[PlyCount "88"]
[EventDate "2013.10.06"]
[EventType "team-tourn"]
[EventRounds "11"]
[EventCountry "SVK"]
[SourceTitle "EXT 2022"]
[Source "ChessBase"]
[SourceDate "2021.10.06"]
[SourceVersion "1"]
[SourceVersionDate "2021.10.06"]
[SourceQuality "1"]
[WhiteTeam "Senica CVC II"]
[BlackTeam "Vrbove II"]
[WhiteTeamCountry "SVK"]
[BlackTeamCountry "SVK"]

1. d4 Nf6 2. c4 e6 3. Nf3 d5 4. e3 c5 5. Nbd2 Nc6 6. b3 cxd4 7. exd4 dxc4 8. Nxc4 Bb4+ 9. Bd2 Be7 10. Bc3 Ne4 11. Bd2 Nxd2 12. Nfxd2 Qxd4 13. Nf3 Bb4+ 14. Ncd2 Bxd2+ 15. Nxd2 0-0 16. Rc1 Rd8 17. Rc4 Qd5 18. Rg4 e5 19. Rg3 Nd4 20. Bc4 Qa5 21. Qh5 Nf3+ 22. gxf3 Qxd2+ 23. Kf1 Qf4 24. Rhg1 Rd1+ 25. Kg2 Rxg1+ 26. Kxg1 g6 27. Qg5 Qxg5 28. Rxg5 Bf5 29. Kf1 Rd8 30. Ke2 Kg7 31. Rg1 Kf6 32. Ke3 Be6 33. Bxe6 Kxe6 34. Rc1 f5 35. Rc7 Rd7 36. Rc4 Kd6 37. f4 exf4+ 38. Kxf4 Ke6 39. Rc2 h6 40. Re2+ Kf6 41. Rc2 Rd3 42. f3 g5+ 43. Kg3 g4 44. Kf4 Rxf3# 0-1